| 000 | 00578nam a2200217Ia 4500 | ||
|---|---|---|---|
| 005 | 20260429111927.0 | ||
| 008 | 260429s9999||||xx |||||||||||||| ||und|| | ||
| 020 | _a9788196699222 | ||
| 041 | _aEnglish | ||
| 082 |
_a949.61 _bDWI |
||
| 100 | _aDwight, H.G. | ||
| 245 | 0 |
_aConstantinople old and new / _cH.G. Dwight |
|
| 250 | _a1st ed. | ||
| 260 |
_aChennai : _bT R Publications, _c2024. |
||
| 300 | _axxi, 567 p.; hb | ||
| 650 | _a Byzantine Empire | ||
| 650 | _a Historical geography | ||
| 650 | _a Urban history | ||
| 650 | _aConstantinople-History | ||
| 942 | _cTB | ||
| 999 |
_c51464 _d51464 |
||